000 00662nam a22002297a 4500
003 OSt
005 20260115165728.0
008 260102b |||||||| |||| 00| 0 eng d
020 _a0805853642
040 _aLNDL
_cLNDL
041 _aEng
100 _aBall ,Martin J.
_9861338
245 _aPhonetics for communication disorders :
_cMartin J.Ball
260 _aLondon :
_bLawrence Erlbaum associates ,
_c2005 .
300 _a363p.
650 _aEnglish language Phonetics
_9861339
650 _aSpeech Disorders
_9861340
650 _aMuller Nicole 1963
_9861341
700 _aMuller , Nicole
_9861342
942 _2CC
_cGB
_n0
999 _c1466806
_d1466806